000 00685nam a22002057a 4500
999 _c62208
_d62208
005 20240801180038.0
008 240801s2015 en ||||| |||| 00| 0 eng d
020 _a9788177394771X
041 _aeng
080 _a612 J-12
100 _aJAIN , A.K
_dAuthor
_923043
245 _a Textbook of physiology :
_bVolume 2 /
_cA. K. Jain
250 _a 6/E edition
264 _aNew Delhi:
_bAVICHAL PUBLISHING COMPANY,
_c2015.
300 _a1121p.:
_bcolor illustrations,
_c29 cm.
653 _aTEXTBOOK OF PHYSIOLOGY
653 _aHuman physiology
653 _aადამიანის ფიზიოლოგიის სახელმძღვანელო
942 _2udc
_cBK